zpět

Detail výsledku týmu

Restaurace Balkán, Uherský Brod

Datum a čas kvízu

21.5 Celkem bodů Celkový počet nahraných bodů na tomto kvízu bez doplňovacích otázek.
4. Pořadí na kvízu Konečné umístění týmu na tomto kvízu.

Zaznamenané odpovědi

# Otázka Odpověď Body Výsledky
1. Do čtvrteční výstražné stávky... 0
2. Ve středu jmenoval německý pre... 1
3. 15. března při zahájení Febiof... 0
4. Nápojářská skupina Kofola kupu... 0
5. Sezona silniční cyklistiky zač... 0.5
6. Stephen Hawking, jehož obdivuh... 0
7. V 70. letech se Hawking intele... 0
8. Hawking se během své vědecké d... 0
9. Jaký neobvyklý dopravní prostř... 0
10. V roce 2014 byl britským režis... 0